00701cam a2200217 a 4500001000800000005001700008008004100025020001500066020002200081040001800103082002100121100002200142245005400164260004300218300001300261650003100274650001500305650003100320856006600351856006600417103793920240416063424.0890807s1989 ii b 001 0 eng  a0803996241 a080399625X (pbk.) aDLCcDLCdDLC00a307.72220bPON.1 aWignaraja, Ponna.10aWomen, poverty, and resources /cPonna Wignaraja. aNew Delhi ;bSage Publications,c1990. a241 p. ; 0aWomen in rural development 0aPoor women 0aRural development projects42uhttp://www.loc.gov/catdir/enhancements/fy0657/89039055-d.html41uhttp://www.loc.gov/catdir/enhancements/fy0657/89039055-t.html